zpět

Detail výsledku týmu

Bowling Darts Rubín, Brno

Datum a čas kvízu

20 Celkem bodů Celkový počet nahraných bodů na tomto kvízu bez doplňovacích otázek.
4. Pořadí na kvízu Konečné umístění týmu na tomto kvízu.

Zaznamenané odpovědi

# Otázka Odpověď Body Výsledky
1. Investigativní tým podílející... Jan Novák 0
2. Na švýcarských mincích se popr... Roger Federer 0
3. Minulý týden jsme se dozvěděli... Milan Kundera 0
4. V pondělí začala v jedné evrop... Madrid 0
5. Zlatý míč pro nejlepšího fotba... šest 0
6. Toto téma zvítězilo minulý týd... vakovlk 0
7. Jakým způsobem souvisí s naším... Na tomto fiktivním ostrově se odehrával děj filmu Jurský park. 0
8. Latimérie, okapi, loděnka, lis... živoucí fosílie 0
9. Mnohým z vás jistě při přečten... Mauricius 0
10. Mezinárodní svaz ochrany příro... Červený (seznam) 0